| 000 | 01271nam a2200313 i 4500 | ||
|---|---|---|---|
| 003 | DO-SdBNP | ||
| 005 | 20260605101235.0 | ||
| 006 | a||||gr|||| 00| 0 | ||
| 007 | ta | ||
| 008 | 230814t2023 dr aoc|| |||| 00| 0 spa d | ||
| 020 | _a9789945629286 | ||
| 040 |
_aDO-SdBNP _bspa _cBNPHU _erda |
||
| 082 | 4 |
_222 _bH558r |
|
| 245 |
_aRafael Tomás Hernández: _bla ciudad del hombre. / _cGustavo Luis Moré / editor; fotografías: Gustavo José Moré, Ricardo Briones: prólogo, Pedro José Borell |
||
| 264 | 4 |
_aSanto Domingo : _bBanco Central de la República Dominicana, _c2023 |
|
| 300 |
_a237 páginas : _bIlustraciones, fotografías, retrato ; _c28 cm. |
||
| 336 |
_2rdacontent _atexto _btxt |
||
| 337 |
_2rdamedia _asin mediacion _bn |
||
| 338 |
_2rdacarrier _avolumen _bnc |
||
| 490 |
_aCiencias Sociales ; _v46 |
||
| 500 | _aIncluye datos biográficos en la solapa de la cubierta | ||
| 600 | 4 |
_aHernández Ramos, Rafael Tomás, _936684 _d1932 _xBiogafía |
|
| 700 | 1 |
_aMoré, Gustavo Luis _d1956- _eeditor _919113 |
|
| 700 | 1 |
_aMoré, Gustavo José, _efotógrafo _983936 |
|
| 700 | 1 |
_aBriones, Ricardo, _d1958- _975973 _efotógrafo |
|
| 700 | 1 |
_aBorell, Pedro José _eprólogo _983939 |
|
| 830 |
_aBanco Central de la República Dominicana _n302 _983937 |
||
| 942 |
_2ddc _cLBS1 |
||
| 999 |
_c54389 _d54389 |
||